Score 0/16 Timer 02:00
0 Plays Today
Clue 4-Letter Word % Correct
• Actor Pitt of 'Fight Club' • BRAD
98.6%
Rude childBRAT
97.8%
Vessel for sailingBOAT
97.4%
Pork or chicken, e.g.MEAT
97.1%
Ring around a castleMOAT
96.7%
Jackie, the action movie actorCHAN
92.9%
Location for a goateeCHIN
92.6%
SkinnyTHIN
91.4%
Clue 4-Letter Word % Correct
'Stranger ___ Fiction'THAN
89.7%
A family groupCLAN
87.5%
Talk in a friendly wayCHAT
87.4%
• Nickelback singer Kroeger •CHAD
82.4%
Having clothing onCLAD
82.1%
Fuel from a bogPEAT
80.8%
Slang term for excellentPHAT
72.5%
• Former US Senator Cochran •THAD
60.3%

Today's Daily Dose

Remove Ads.
Support Sporcle.
Get the best of Sporcle when you Go Orange. This ad-free experience offers more features, more stats, and more fun while also helping to support Sporcle. Thank you for becoming a member.

You're not logged in!

Compare scores with friends on all Sporcle quizzes.
OR
Log In

Show Comments

Extras

Top Quizzes Today


Score Distribution

Your Account Isn't Verified!

In order to create a playlist on Sporcle, you need to verify the email address you used during registration. Go to your Sporcle Settings to finish the process.

Report this User

Report this user for behavior that violates our Community Guidelines.

Details: